| 000 | 00868nam a22001937a 4500 | ||
|---|---|---|---|
| 008 | 100623t xxu||||| |||| 00| 0 eng d | ||
| 020 | _a9773830063 | ||
| 082 |
_222 _a155.61 _bع ا م |
||
| 100 |
_915097 _aعامر ،أيمن |
||
| 245 |
_aالإبداع و الصراع : _bإطلالة نفسية على حياتنا اليومية _cأيمن عامر |
||
| 260 |
_aالقاهرة: _bإيتراك للنشر و التوزيع، _c2004. |
||
| 300 |
_a149ص. _c24سم. |
||
| 490 |
_915099 _aسلسلة علم النفس التطبيقى |
||
| 650 |
_915100 _aالإبداع |
||
| 650 |
_915101 _aالإبتكار |
||
| 650 |
_915102 _aالقدرة الخلاقة |
||
| 942 |
_2ddc _cBB |
||
| 999 |
_c14176 _d14176 |
||